Laboratory Manual to accompany Chemistry In Context: Applying Chemistry To Society /

The 5th edition Laboratory Manual that accompanies Chemistry in Context is compiled and edited by Gail Steehler (Roanoke College). The experiments use microscale equipment (wellplates and Beral-type pipets) as well as common materials. Project-type and cooperative/collaborative laboratory experiment...

Celý popis

Uloženo v:
Podrobná bibliografie
Hlavní autor: A.Steehler Gail
Další autoři: College Roanoke
Médium: Kniha
Jazyk:Vietnamese
Vydáno: American : McGraw -Hill , 2005
Témata:
Tagy: Přidat tag
Žádné tagy, Buďte první, kdo otaguje tento záznam!
Thư viện lưu trữ: Thư viện Trường CĐ Kỹ Thuật Cao Thắng
LEADER 01095nam a2200217 a 4500
001 TVCDKTCT8663
003 Thư viện trường Cao đẳng Kỹ thuật Cao Thắng
005 20080307000000
008 080307
980 \ \ |a Thư viện Trường CĐ Kỹ Thuật Cao Thắng 
024 |a RG_1 #1 eb0 i1 
020 # # |a 0072828366 
041 0 # |a vie 
082 # # |a 540 /   |b L100B-g 
100 1 # |a A.Steehler Gail 
245 0 0 |a Laboratory Manual to accompany Chemistry In Context: Applying Chemistry To Society /  |c A.Steehler Gail, College Roanoke 
260 # # |a American :  |b McGraw -Hill ,  |c 2005 
300 # # |a 224tr. 
520 # # |a The 5th edition Laboratory Manual that accompanies Chemistry in Context is compiled and edited by Gail Steehler (Roanoke College). The experiments use microscale equipment (wellplates and Beral-type pipets) as well as common materials. Project-type and cooperative/collaborative laboratory experiments are included. Additional experiments are available on the Online Learning Center, as is the instructor's guide. 
650 # 4 |a Chemistry 
700 0 # |a College Roanoke